[Event "21st Czech GM Open"]
[Site "Pardubice CZE"]
[Date "2010.07.26"]
[Round "4"]
[White "Schlosser,P"]
[Black "Tikkanen,H"]
[Result "0-1"]
[WhiteElo "2575"]
[BlackElo "2469"]
[EventDate "2010.07.23"]

1. Nf3 d5 2. d4 Nf6 3. c4 c6 4. e3 Bg4 5. h3 Bh5 6. Nc3 e6 7. g4 Bg6 8. Ne5
Nbd7 9. h4 dxc4 10. Nxg6 hxg6 11. Bxc4 Nb6 12. Bb3 Bb4 13. a3 Ba5 14. Kf1
Nbd5 15. Nxd5 exd5 16. Kg2 Ne4 17. f3 Nd6 18. e4 dxe4 19. fxe4 Qe7 20. e5
Nb5 21. e6 O-O-O 22. d5 Rxh4 23. Rxh4 Qxh4 24. Bf4 Qf6 25. Bg3 Qxb2+ 26.
Qc2 Qxa1 27. exf7 Nd4 28. dxc6 bxc6 29. Be6+ Kb7 0-1

[Event "21st Czech GM Open"]
[Site "Pardubice CZE"]
[Date "2010.07.26"]
[Round "4"]
[White "Allahverdiev,A"]
[Black "Grigoriants,S RUS"]
[Result "1/2-1/2"]
[WhiteElo "2410"]
[BlackElo "2566"]
[EventDate "2010.07.23"]

1. c4 e5 2. g3 Nf6 3. Bg2 d5 4. cxd5 Nxd5 5. Nc3 Nb6 6. Nf3 Nc6 7. O-O Be7
8. d3 O-O 9. a4 a5 10. Be3 Bg4 11. Nd2 Re8 12. Rc1 Rb8 1/2-1/2

[Event "21st Czech GM Open"]
[Site "Pardubice CZE"]
[Date "2010.07.26"]
[Round "4"]
[White "Salem,AR"]
[Black "Zakhartsov,Vi"]
[Result "0-1"]
[WhiteElo "2469"]
[BlackElo "2608"]
[EventDate "2010.07.23"]

1. d4 Nf6 2. c4 e6 3. Nf3 b6 4. g3 Ba6 5. Qc2 Bb7 6. Bg2 c5 7. d5 exd5 8.
cxd5 Nxd5 9. O-O Be7 10. Qe4 Bc6 11. Ne5 Nf6 12. Nxc6 Nxc6 13. Qa4 Nd4 14.
Nc3 b5 15. Nxb5 Nxe2+ 16. Kh1 Rb8 17. Re1 Nxc1 18. Nd6+ Kf8 19. Nf5 g6 20.
Nxe7 Nd3 21. Qa6 Nxf2+ 22. Kg1 Rb6 23. Qc4 N2g4 24. Qxc5 Kg7 25. Qd4 Re8
26. Nd5 Rxe1+ 27. Rxe1 Re6 28. Rf1 Qb8 29. Rf4 h5 30. h3 Ne5 31. g4 hxg4
32. hxg4 Nxd5 33. Bxd5 Rf6 34. Rxf6 Kxf6 35. Kg2 Kg5 36. Kh3 Qh8+ 37. Kg2
Qf6 38. Kg3 Kh6 39. Qxa7 Nxg4 40. Qxd7 Ne5 41. Qh3+ Kg7 42. Qh4 Qb6 43. Qe4
Qxb2 44. a4 Qc3+ 45. Kg2 f5 46. Qe2 Kf6 47. Qf2 Ng4 48. Qh4+ Ke5 49. Qh8+
Nf6 50. Bf7 Qb2+ 51. Kg1 Qb1+ 52. Kf2 f4 53. a5 Qb2+ 54. Kf1 f3 0-1

[Event "21st Czech GM Open"]
[Site "Pardubice CZE"]
[Date "2010.07.26"]
[Round "4"]
[White "Safarli,E"]
[Black "Michiels,B"]
[Result "1/2-1/2"]
[WhiteElo "2603"]
[BlackElo "2460"]
[EventDate "2010.07.23"]

1. e4 e6 2. d4 d5 3. Nd2 Nf6 4. Bd3 c5 5. c3 cxd4 6. cxd4 dxe4 7. Nxe4 Nbd7
8. Nc3 a6 9. Nf3 b5 10. O-O Bb7 11. a3 Be7 12. Bg5 O-O 13. Bc2 Re8 14. Qd3
Rc8 15. Rad1 Nf8 16. Ne5 Nd5 17. Bd2 Nxc3 18. Bxc3 Qd5 19. f3 Qd6 20. Bb1
Bd5 21. Qe3 Qb6 22. f4 a5 23. f5 exf5 24. Bxf5 Rcd8 25. Qh3 b4 26. axb4
axb4 27. Be1 Bf6 28. Bf2 Qb7 29. Ng4 Bg5 30. Ne5 Bf6 31. Ng4 Bg5 32. Ne5
1/2-1/2

[Event "21st Czech GM Open"]
[Site "Pardubice CZE"]
[Date "2010.07.26"]
[Round "4"]
[White "Fedorovsky,M"]
[Black "Kravtsiv,M"]
[Result "1/2-1/2"]
[WhiteElo "2423"]
[BlackElo "2559"]
[EventDate "2010.07.23"]

1. e4 e5 2. Nf3 Nc6 3. Bc4 Nf6 4. Ng5 d5 5. exd5 Na5 6. Bb5+ c6 7. dxc6
bxc6 8. Bd3 Nd5 9. Nf3 Bd6 10. O-O O-O 11. Re1 Bg4 12. h3 Bh5 13. Bf1 f5
14. d3 Rb8 15. c3 1/2-1/2

[Event "21st Czech GM Open"]
[Site "Pardubice CZE"]
[Date "2010.07.26"]
[Round "4"]
[White "Pridorozhni,A"]
[Black "Baryshpolets,A"]
[Result "1-0"]
[WhiteElo "2553"]
[BlackElo "2450"]
[EventDate "2010.07.23"]

1. c4 Nf6 2. Nc3 g6 3. g3 Bg7 4. Bg2 O-O 5. e3 d6 6. Nge2 e5 7. O-O Nc6 8.
d3 Be6 9. Nd5 Rb8 10. Rb1 Ne7 11. e4 Nfxd5 12. cxd5 Bd7 13. d4 c6 14. dxc6
Bxc6 15. d5 Bd7 16. Be3 a5 17. Qd2 f5 18. f3 b5 19. Nc1 Kh8 20. Nd3 Ng8 21.
h3 Nf6 22. g4 f4 23. Bf2 g5 24. b4 a4 25. Rfc1 h5 26. Qe2 Rf7 27. Rc2 Rc8
28. Rxc8 Bxc8 29. Rc1 Rc7 30. Qd2 hxg4 31. hxg4 Nxe4 32. fxe4 Bxg4 33. Rxc7
Qxc7 34. Qc1 Qd8 35. Qc6 Bf8 36. Bb6 Qe7 37. Qc7 Qf6 38. Nf2 Bh5 39. Qc8 f3
40. Bh3 Qf4 41. Be3 Qg3+ 42. Kf1 Kg7 43. Qd7+ Kg8 44. Qd8 1-0

[Event "21st Czech GM Open"]
[Site "Pardubice CZE"]
[Date "2010.07.26"]
[Round "4"]
[White "Semcesen,D"]
[Black "Kuljasevic,D"]
[Result "1/2-1/2"]
[WhiteElo "2420"]
[BlackElo "2551"]
[EventDate "2010.07.23"]

1. c4 e5 2. Nc3 Nf6 3. Nf3 Nc6 4. d4 exd4 5. Nxd4 Bb4 6. Bg5 h6 7. Bh4
Bxc3+ 8. bxc3 O-O 9. e3 Ne5 10. Be2 Ng6 11. Bxf6 Qxf6 12. O-O d6 13. Rb1 a6
14. Qd2 Re8 15. Rfe1 Ne5 16. f4 Nd7 17. Bf3 Nb6 18. Qd3 Na4 19. Qc2 Nc5 20.
Nb3 Qf5 21. Qd1 Ne4 22. Qd3 Ng5 23. Qxf5 Nxf3+ 24. gxf3 Bxf5 25. e4 Be6 26.
Nd2 b5 27. Kf2 Reb8 28. Rb4 c5 29. Rb2 Bxc4 30. Nxc4 bxc4 31. Rd2 Rb6 32.
Red1 Rab8 33. Rxd6 Rxd6 34. Rxd6 Rb2+ 35. Kg3 Rxa2 36. Rc6 Ra3 37. Rc8+ Kh7
38. Rxc5 Rxc3 39. Ra5 g6 40. Rxa6 Rc1 41. Rc6 Kg7 42. h4 c3 43. Kg2 Kf8 44.
Rc8+ Ke7 45. Rc7+ Ke6 46. Rc6+ Kd7 47. Rc5 Kd6 48. Rc8 f6 49. Rc4 c2 50.
Rc8 Kd7 1/2-1/2

[Event "21st Czech GM Open"]
[Site "Pardubice CZE"]
[Date "2010.07.26"]
[Round "4"]
[White "Golichenko,I"]
[Black "Jaracz,P"]
[Result "0-1"]
[WhiteElo "2419"]
[BlackElo "2541"]
[EventDate "2010.07.23"]

1. d4 Nf6 2. c4 e6 3. Nc3 Bb4 4. Qc2 c5 5. dxc5 O-O 6. a3 Bxc5 7. Nf3 b6 8.
Bf4 Bb7 9. Rd1 Nc6 10. e3 Nh5 11. Bg3 h6 12. Be2 Nxg3 13. hxg3 Be7 14. g4
Rc8 15. Qd2 Na5 16. Qxd7 Bf6 17. Qxd8 Rfxd8 18. Rxd8+ Rxd8 19. Nd1 Nb3 20.
Rh5 Ba6 21. Nc3 Bxc3+ 22. bxc3 Nc1 23. Nd4 Nxe2 24. Nxe2 Bxc4 25. Nd4 f6
26. f4 Bd5 27. g3 Kf7 28. Ke2 a6 29. Kd3 Bf3 30. Kc4 Bxg4 31. Rh2 Rc8+ 32.
Kd3 e5 33. fxe5 fxe5 34. Rf2+ Kg6 35. Nc2 Be6 36. e4 Bc4+ 37. Ke3 Bb5 38.
Kd2 Rd8+ 39. Kc1 Rd3 40. Kb2 Rxg3 41. Nb4 Re3 0-1

[Event "21st Czech GM Open"]
[Site "Pardubice CZE"]
[Date "2010.07.26"]
[Round "4"]
[White "Smith,Ax"]
[Black "Simacek,P"]
[Result "1-0"]
[WhiteElo "2416"]
[BlackElo "2532"]
[EventDate "2010.07.23"]

1. e4 e5 2. Nf3 Nc6 3. Bb5 a6 4. Ba4 Nf6 5. O-O Nxe4 6. d4 b5 7. Bb3 d5 8.
dxe5 Be6 9. Nbd2 Bc5 10. Qe2 Nxd2 11. Bxd2 O-O 12. Rad1 Bb6 13. Be3 Bxe3
14. Qxe3 Na5 15. Nd4 Qe7 16. Bxd5 Rad8 17. Bxe6 fxe6 18. Qe4 c5 19. Nf3 Nc4
20. b3 Na3 21. c4 h6 22. h3 Qc7 23. Qe2 bxc4 24. bxc4 Qc6 25. Rd3 Qa4 26.
Rc1 Rb8 27. Rd6 Rfe8 28. Qd3 Rb2 29. Qg6 Kh8 30. Rxe6 Rxe6 31. Qxe6 Nc2 32.
Qc8+ Kh7 33. Qf5+ Kg8 34. Qc8+ Kf7 35. Qxc5 Rxa2 36. Qc7+ Kg6 37. e6 Qa3
38. Qf7+ Kh7 39. Qf5+ g6 40. Qf7+ Kh8 1-0

[Event "21st Czech GM Open"]
[Site "Pardubice CZE"]
[Date "2010.07.26"]
[Round "4"]
[White "Nabaty,T"]
[Black "Rojicek,V"]
[Result "1/2-1/2"]
[WhiteElo "2523"]
[BlackElo "2423"]
[EventDate "2010.07.23"]

1. e4 e5 2. Nf3 Nc6 3. Bb5 a6 4. Ba4 Nf6 5. O-O Be7 6. Bxc6 dxc6 7. d3 Nd7
8. Nc3 O-O 9. h3 f6 10. d4 exd4 11. Nxd4 Ne5 12. Nce2 Bc5 13. c3 Qe8 14.
Kh1 Be6 15. f4 Nf7 16. f5 Bc4 17. b3 Bxe2 18. Qxe2 Bxd4 19. cxd4 Nd6 20.
Re1 Rf7 21. Ba3 Re7 22. e5 fxe5 23. dxe5 Nxf5 24. Qc4+ Re6 25. Rad1 b5 26.
Qf4 Nh6 27. Rf1 Rxe5 28. Bb2 Rf5 29. Qxc7 Qf7 30. Qxf7+ Rxf7 31. Rxf7 Nxf7
32. Rd7 Re8 33. Ra7 Ne5 34. b4 Re6 35. Bc3 g6 36. Rxa6 Nd3 37. Ra7 h5 38.
Kh2 Nf4 39. Rd7 Nd5 40. Bd2 Re2 41. Bh6 Rxa2 42. Rg7+ Kh8 43. Rxg6 Nxb4 44.
Bf8 Nd5 45. Rxc6 Nf4 46. Rh6+ Kg8 47. Bd6 Rxg2+ 48. Kh1 Rf2 49. Bxf4 Rxf4
50. Rxh5 1/2-1/2

[Event "21st Czech GM Open"]
[Site "Pardubice CZE"]
[Date "2010.07.26"]
[Round "4"]
[White "Sethuraman,S"]
[Black "Sergienko,S"]
[Result "1-0"]
[WhiteElo "2513"]
[BlackElo "2412"]
[EventDate "2010.07.23"]

1. d4 d5 2. Nf3 Nf6 3. c4 dxc4 4. Qa4+ c6 5. Qxc4 Bf5 6. g3 e6 7. Bg2 Be7
8. O-O O-O 9. Nc3 Nbd7 10. Re1 Ne4 11. Qb3 Qb6 12. Nh4 Bxh4 13. gxh4 Nef6
14. e4 Bg6 15. Qxb6 axb6 16. Bf4 Rfe8 17. Bd6 Nh5 18. Bh3 f5 19. d5 e5 20.
dxc6 bxc6 21. exf5 Nf4 22. Bg4 h5 23. Bf3 Bxf5 24. Bxc6 Rac8 25. Bd5+ Nxd5
26. Nxd5 Kf7 27. Nc7 Red8 28. Bxe5 Nxe5 29. Rxe5 Kf6 30. Rd5 Be4 31. Rxd8
Rxd8 32. Re1 Bb7 33. b3 Rd7 34. Nb5 Bc6 35. Nc3 Rd4 36. Rd1 Rg4+ 37. Kf1
Ke5 38. Re1+ Kf6 39. Rd1 Ke5 40. Ne2 Bg2+ 41. Ke1 Rxh4 42. f4+ Ke6 43. Rd2
Bb7 44. Nd4+ Kf6 45. Rf2 Rg4 46. Kd2 Rg1 47. a4 h4 48. Re2 Bc8 49. Re8 Bd7
50. Rb8 Rg2+ 51. Ke3 Rxh2 52. Rxb6+ Ke7 53. Nf3 Rh1 54. Rg6 Kf8 55. Rg1 Rh3
56. Rf1 Bc6 57. f5 Ke7 58. Kf4 Kd6 59. Rd1+ Bd5 60. Nd4 Rh2 61. Nb5+ Kc6
62. Na7+ Kc5 63. b4+ Kc4 64. Nc8 Bh1 65. b5 Kb4 66. Nd6 Kc5 67. Ne8 Rf2+
68. Kg5 Be4 69. Rc1+ Kb6 70. Nd6 Bd5 71. Kxh4 Rf4+ 72. Kg5 Rxa4 73. Rb1 Bf3
74. Kg6 Rd4 75. Nc8+ Kc7 76. Ne7 Kd7 77. Kf7 Rd6 78. b6 Bb7 79. Rb5 Kd8 80.
Ng6 Rd7+ 81. Kf8 Bc6 82. Rc5 Bb7 83. Ne5 Rd1 84. Nf7+ 1-0

[Event "21st Czech GM Open"]
[Site "Pardubice CZE"]
[Date "2010.07.26"]
[Round "4"]
[White "Nithander,V"]
[Black "Velicka,P"]
[Result "1/2-1/2"]
[WhiteElo "2409"]
[BlackElo "2483"]
[EventDate "2010.07.23"]

1. e4 e5 2. Nf3 Nc6 3. Bc4 Bc5 4. O-O Nf6 5. d3 d6 6. c3 a6 7. Bb3 Ba7 8.
Nbd2 O-O 9. Re1 Be6 10. Nf1 Bxb3 11. axb3 d5 12. Bg5 dxe4 13. dxe4 Qxd1 14.
Raxd1 Ng4 15. Bh4 f6 16. h3 Nh6 17. Ne3 Bxe3 18. Rxe3 Rfd8 19. Red3 Rxd3
20. Rxd3 Nf7 21. Ne1 Rd8 22. b4 Nd6 23. f3 Kf7 24. Kf1 Nc4 25. Rxd8 Nxd8
26. Nd3 Ne6 27. Ke2 Nf4+ 28. Nxf4 exf4 29. b3 Ne5 30. Be1 Ke6 31. Bd2 g5
32. Be1 f5 33. exf5+ Kxf5 34. Bf2 b5 35. Be1 h5 36. Bf2 g4 37. hxg4+ hxg4
38. Bd4 gxf3+ 39. gxf3 Nf7 40. Ba7 Ng5 41. Bf2 Ne6 42. Kd3 Ke5 43. Ba7 Ng5
44. Ke2 c6 1/2-1/2

[Event "21st Czech GM Open"]
[Site "Pardubice CZE"]
[Date "2010.07.26"]
[Round "4"]
[White "Raykhman,A"]
[Black "Kononenko,Dmitry1"]
[Result "1-0"]
[WhiteElo "2362"]
[BlackElo "2590"]
[EventDate "2010.07.23"]

1. d4 Nf6 2. c4 c5 3. d5 e6 4. Nc3 exd5 5. cxd5 d6 6. Nf3 g6 7. Bf4 a6 8.
a4 Bg7 9. h3 O-O 10. e3 Qe7 11. Be2 Nbd7 12. O-O Ne8 13. Nd2 b6 14. Nc4 f5
15. Qd2 Rb8 16. Rab1 Qf6 17. Na3 g5 18. Bh2 f4 19. exf4 gxf4 20. Ne4 Qg6
21. f3 Ne5 22. Kh1 Bf5 23. Bxa6 Bxe4 24. fxe4 Nf6 25. Bxf4 Nxe4 26. Qc2 Ng4
27. g3 Ngf6 28. g4 Nxg4 29. hxg4 Rxf4 30. Rxf4 Qh6+ 31. Qh2 Qxh2+ 32. Kxh2
Be5 33. Kg2 Bxf4 34. Kf3 Nd2+ 35. Kxf4 Rf8+ 36. Ke3 Nxb1 37. Nxb1 Kg7 38.
Bd3 Rh8 39. Nd2 h5 40. gxh5 Rxh5 41. Nc4 Rxd5 42. Nxb6 Re5+ 43. Be4 Re7 44.
Kd3 Kf7 45. Nc8 Rd7 46. Bd5+ Kf6 47. a5 Rc7 48. a6 Rxc8 49. a7 Ke5 50. Kc4
1-0

[Event "21st Czech GM Open"]
[Site "Pardubice CZE"]
[Date "2010.07.26"]
[Round "4"]
[White "Shomoev,A"]
[Black "Kuipers,S"]
[Result "1-0"]
[WhiteElo "2561"]
[BlackElo "2354"]
[EventDate "2010.07.23"]

1. e4 c5 2. Nf3 Nc6 3. d4 cxd4 4. Nxd4 Nf6 5. Nc3 e5 6. Ndb5 d6 7. Bg5 a6
8. Na3 b5 9. Bxf6 gxf6 10. Nd5 Bg7 11. Bd3 Ne7 12. Nxe7 Qxe7 13. O-O O-O
14. c4 f5 15. Qf3 d5 16. cxd5 fxe4 17. Bxe4 Rb8 18. Rfd1 Qd7 19. d6 Rb6 20.
Qd3 Rd8 21. Rac1 Bf8 22. Qg3+ Bg7 23. Qh4 Rxd6 24. Bxh7+ Kf8 25. Qb4 Bb7
26. Nc2 Qe7 27. Rxd6 Rxd6 28. h4 Bh6 29. Qg4 Qf6 30. Ne3 Bxe3 31. fxe3 Rd2
32. Rf1 Qg7 33. Qb4+ 1-0

[Event "21st Czech GM Open"]
[Site "Pardubice CZE"]
[Date "2010.07.26"]
[Round "4"]
[White "Kashlinskaya,A"]
[Black "Kunte,A"]
[Result "1/2-1/2"]
[WhiteElo "2352"]
[BlackElo "2521"]
[EventDate "2010.07.23"]

1. d4 Nf6 2. c4 c5 3. d5 e6 4. Nc3 exd5 5. cxd5 d6 6. g3 g6 7. Bg2 Bg7 8.
Nf3 O-O 9. O-O Re8 10. Nd2 Nbd7 11. a4 b6 12. Nc4 Ne5 13. Na3 Nh5 14. Bd2
f5 15. Qc1 Ba6 16. Re1 Rc8 17. Nab5 Qd7 18. Rb1 Nf6 19. Qd1 Nh5 20. Qc1 Nf6
21. Qd1 Nh5 1/2-1/2

[Event "21st Czech GM Open"]
[Site "Pardubice CZE"]
[Date "2010.07.26"]
[Round "4"]
[White "Ganor,D"]
[Black "Schneider,Il"]
[Result "1/2-1/2"]
[WhiteElo "2342"]
[BlackElo "2515"]
[EventDate "2010.07.23"]

1. e4 Nc6 2. Nf3 f5 3. exf5 d5 4. d4 Bxf5 5. Bd3 Bg4 6. h3 Bxf3 7. Qxf3 Nf6
8. Qe3 Qd7 9. Nd2 O-O-O 10. Nf3 Ne4 11. Bxe4 dxe4 12. Qxe4 e5 13. Bd2 exd4
14. O-O-O Bc5 15. Rhe1 d3 16. Be3 Bxe3+ 17. Rxe3 Qf7 18. Rexd3 Rxd3 19.
Rxd3 Qxa2 20. Qg4+ Kb8 21. Qxg7 Qa1+ 22. Kd2 Rc8 23. Qf6 Qf1 24. Ne1 a6 25.
Qf4 Re8 26. Re3 Rd8+ 27. Rd3 Re8 28. Re3 Rd8+ 29. Rd3 Re8 1/2-1/2

[Event "21st Czech GM Open"]
[Site "Pardubice CZE"]
[Date "2010.07.26"]
[Round "4"]
[White "Schuh,Di"]
[Black "Haba,P"]
[Result "1/2-1/2"]
[WhiteElo "2336"]
[BlackElo "2512"]
[EventDate "2010.07.23"]

1. e4 Nc6 2. Nc3 d5 3. Nf3 dxe4 4. Nxe4 h6 5. d4 Bf5 6. Bd3 e6 7. O-O Bxe4
8. Bxe4 Nf6 9. Bd3 Bd6 10. Ne5 O-O 11. Qf3 Re8 12. Qg3 Nh5 13. Qg4 Nf6 14.
Qg3 Nh5 15. Qg4 Nf6 16. Qg3 1/2-1/2

[Event "21st Czech GM Open"]
[Site "Pardubice CZE"]
[Date "2010.07.26"]
[Round "4"]
[White "Durarbeyli,V"]
[Black "Studnicka,Toma"]
[Result "1-0"]
[WhiteElo "2501"]
[BlackElo "2346"]
[EventDate "2010.07.23"]

1. e4 c5 2. Nf3 d6 3. d4 cxd4 4. Qxd4 a6 5. c4 Nc6 6. Qd2 Nf6 7. Nc3 g6 8.
b3 Bg7 9. Bb2 Bg4 10. h3 Bxf3 11. gxf3 O-O 12. Nd5 Ne5 13. Be2 Re8 14. h4
h5 15. Rg1 Rb8 16. Ne3 b5 17. c5 Qc7 18. cxd6 exd6 19. Rd1 Rbd8 20. Nf5
gxf5 21. Rxg7+ Kxg7 22. Qg5+ Kf8 23. Qxf6 Re6 24. Qxf5 Qa5+ 25. Kf1 Qxa2
26. Bd4 Qxb3 27. Qxh5 Ng6 28. Qg5 Ke8 29. h5 Nf8 30. Rc1 d5 31. e5 Kd7 32.
Qf5 Ke8 33. Rc7 Re7 34. Rxe7+ Kxe7 35. Bc5+ Ke8 36. Bxf8 Kxf8 37. e6 Ke7
38. Qxf7+ Kd6 39. e7 Rc8 40. e8=Q Rxe8 41. Qxe8 Qb1+ 42. Kg2 Kc5 43. Qe3+
Kb4 44. Qd4+ Ka5 45. Qxd5 Qh7 46. Bd3 Qg7+ 47. Bg6 Qh6 48. Qe5 Kb4 49. Qe7+
Kc4 50. Qe4+ Kc5 51. Qe3+ 1-0

[Event "21st Czech GM Open"]
[Site "Pardubice CZE"]
[Date "2010.07.26"]
[Round "4"]
[White "Szablowski,P"]
[Black "Zilka,S"]
[Result "1/2-1/2"]
[WhiteElo "2321"]
[BlackElo "2493"]
[EventDate "2010.07.23"]

1. e4 e5 2. Nf3 Nc6 3. d4 exd4 4. Nxd4 Nf6 5. Nxc6 bxc6 6. e5 Qe7 7. Qe2
Nd5 8. c4 Ba6 9. b3 O-O-O 10. Bb2 f6 11. Qd2 Nb6 12. Be2 fxe5 13. O-O Bb7
14. a4 d6 15. a5 Nd7 16. a6 Ba8 17. Nc3 Qh4 18. Bf3 Nb6 19. Qe2 Be7 20. g3
Qf6 21. c5 dxc5 22. Ne4 Qf7 23. Bxe5 Rhe8 24. Bg2 Kb8 25. Rac1 Qxb3 1/2-1/2

[Event "21st Czech GM Open"]
[Site "Pardubice CZE"]
[Date "2010.07.26"]
[Round "4"]
[White "Kersten,U"]
[Black "Kanovsky,D"]
[Result "0-1"]
[WhiteElo "2319"]
[BlackElo "2492"]
[EventDate "2010.07.23"]

1. c4 g6 2. Nc3 Bg7 3. g3 e5 4. Bg2 Ne7 5. e4 d6 6. Nge2 Be6 7. d4 Qd7 8.
b3 exd4 9. Nxd4 Nbc6 10. Be3 Bh3 11. O-O h5 12. Bxh3 Qxh3 13. f3 O-O-O 14.
Nd5 Be5 15. Rf2 Rde8 16. Rc1 Nxd4 17. Bxd4 Nc6 18. Be3 h4 19. g4 f5 20.
Rcc2 Rhf8 21. c5 fxg4 22. fxg4 Nb4 23. cxd6 Bxd6 24. Nf4 Qxe3 25. Nd5 Qxe4
26. Nf6 Qe1+ 27. Qxe1 Rxe1+ 28. Kg2 h3+ 29. Kxh3 Rh8+ 30. Kg2 Rxh2+ 31. Kf3
Rh3+ 32. Kg2 Rg3+ 33. Kh2 Rxb3+ 0-1

[Event "21st Czech GM Open"]
[Site "Pardubice CZE"]
[Date "2010.07.26"]
[Round "4"]
[White "Rasik,V"]
[Black "Kantans,T"]
[Result "1-0"]
[WhiteElo "2491"]
[BlackElo "2343"]
[EventDate "2010.07.23"]

1. e4 c5 2. Nf3 Nf6 3. Nc3 Nc6 4. Bb5 Qc7 5. O-O Nd4 6. Re1 a6 7. Bf1 d6 8.
Nd5 Nxd5 9. exd5 g6 10. Ng5 h6 11. c3 hxg5 12. cxd4 Bg7 13. d3 Bf6 14. Be3
Qb6 15. Qc1 cxd4 16. Bxg5 Kf8 17. Bxf6 exf6 18. Qf4 Kg7 19. Re7 Rh5 20. Rc1
Re5 21. Rcc7 Rxe7 22. Rxe7 Qc5 23. Re8 g5 24. Qd2 b5 25. f4 Qxd5 26. fxg5
fxg5 27. Be2 Qf5 28. Bf3 d5 29. Qb4 Qf4 30. Qf8+ Kg6 31. Qg8+ Kf6 32. Qh8+
Kg6 33. Bh5+ 1-0

[Event "21st Czech GM Open"]
[Site "Pardubice CZE"]
[Date "2010.07.26"]
[Round "4"]
[White "Cerveny,M"]
[Black "Sriram,J"]
[Result "1/2-1/2"]
[WhiteElo "2318"]
[BlackElo "2490"]
[EventDate "2010.07.23"]

1. d4 d5 2. c4 e6 3. cxd5 exd5 4. Nc3 c6 5. Nf3 Bf5 6. g3 Nf6 7. Bg2 Nbd7
8. O-O Bd6 9. Nh4 Bg6 10. f3 O-O 1/2-1/2

[Event "21st Czech GM Open"]
[Site "Pardubice CZE"]
[Date "2010.07.26"]
[Round "4"]
[White "Pileckis,E"]
[Black "Lerch,Pa"]
[Result "1-0"]
[WhiteElo "2438"]
[BlackElo "2340"]
[EventDate "2010.07.23"]

1. Nf3 Nf6 2. c4 e6 3. Nc3 b6 4. g3 Bb7 5. Bg2 c5 6. O-O Be7 7. Re1 Nc6 8.
e4 e5 9. Nd5 h6 10. b4 cxb4 11. Bb2 d6 12. d4 Nd7 13. Bh3 O-O 14. Qa4 Nf6
15. dxe5 Nxd5 16. cxd5 Nxe5 17. Nxe5 dxe5 18. Bxe5 Bc5 19. Rad1 Qe7 20. Ba1
Rad8 21. Bg2 f6 22. Qb3 Rf7 23. Rd2 a5 24. Red1 Qd7 25. Kh1 Ba6 26. f4 a4
27. Qf3 g6 28. f5 g5 29. d6 Rff8 30. Qh5 Qg7 31. d7 Bb5 32. e5 fxe5 33.
Bd5+ Kh8 34. Bxe5 Rf6 35. h4 g4 36. Be6 Kh7 37. Kh2 1-0

[Event "21st Czech GM Open"]
[Site "Pardubice CZE"]
[Date "2010.07.26"]
[Round "4"]
[White "Mikhalevski,A"]
[Black "Meenakshi,Sun"]
[Result "1-0"]
[WhiteElo "2437"]
[BlackElo "1840"]
[EventDate "2010.07.23"]

1. d4 Nf6 2. c4 g6 3. Nc3 Bg7 4. e4 d6 5. h3 Nbd7 6. Bd3 e5 7. d5 Nc5 8.
Bc2 a5 9. Bg5 Bd7 10. Nge2 h6 11. Be3 O-O 12. g4 c6 13. a3 cxd5 14. cxd5 a4
15. f3 Qa5 16. O-O Kh7 17. Kg2 Ng8 18. h4 Ne7 19. Ng3 Nb3 20. Bxb3 axb3 21.
h5 f5 22. hxg6+ Nxg6 23. Nxf5 Nf4+ 24. Bxf4 Bxf5 25. exf5 exf4 26. Qxb3
Rae8 27. Ne4 Qa6 28. Rf2 Kg8 29. Rc1 Bd4 30. Rfc2 h5 31. Rd1 Be5 32. Qd3
Qa5 33. Ng5 hxg4 34. f6 Rxf6 35. Qh7+ Kf8 36. Rc7 gxf3+ 37. Kxf3 1-0

[Event "21st Czech GM Open"]
[Site "Pardubice CZE"]
[Date "2010.07.26"]
[Round "4"]
[White "Gomes,Mary"]
[Black "Berger,Stev"]
[Result "1/2-1/2"]
[WhiteElo "2284"]
[BlackElo "2432"]
[EventDate "2010.07.23"]

1. Nf3 g6 2. g3 Bg7 3. Bg2 c5 4. c4 Nc6 5. Nc3 d6 6. O-O a6 7. d3 Rb8 8. a4
e6 9. e4 Nge7 10. Be3 Nd4 11. Rb1 Nxf3+ 12. Bxf3 Nc6 13. Bg2 O-O 14. f4 Nd4
15. Ne2 b5 16. cxb5 axb5 17. Nxd4 cxd4 18. Bd2 bxa4 19. Qxa4 Bd7 20. Qa3
Bb5 21. f5 Re8 22. fxe6 Rxe6 23. Bh3 Rf6 24. Rxf6 Bxf6 25. Rf1 Kg7 26. Bf4
Ra8 27. Qb3 Ba6 28. Qc2 Be5 29. Qd2 Bc8 30. Bh6+ Kg8 31. Bxc8 Qxc8 32. Rc1
Qh3 33. Bf4 Qg4 34. Bxe5 dxe5 35. Kg2 Ra2 36. h3 Qe6 37. Qb4 Kg7 38. Qb5
Ra6 39. Rc2 Rb6 40. Qc5 Rb3 41. Rd2 Qe8 42. Qd5 Rb5 43. Qc4 Qb8 44. Rf2 Qb7
45. Rxf7+ Qxf7 46. Qxb5 Qc7 47. Kf3 h5 48. h4 Kh7 49. Qb3 Qc1 50. Qf7+ Kh6
51. Qf8+ Kh7 52. Qe7+ Kh6 53. Qf8+ Kh7 54. Qf7+ Kh6 55. Qf8+ 1/2-1/2

[Event "21st Czech GM Open"]
[Site "Pardubice CZE"]
[Date "2010.07.26"]
[Round "4"]
[White "Litwak,A"]
[Black "Breder,D"]
[Result "0-1"]
[WhiteElo "2280"]
[BlackElo "2429"]
[EventDate "2010.07.23"]

1. e4 e6 2. d4 d5 3. Nd2 c5 4. Ngf3 cxd4 5. Nxd4 Nc6 6. Bb5 Bd7 7. Nxc6
Bxc6 8. Bxc6+ bxc6 9. c4 Qa5 10. O-O Nf6 11. Qc2 Qa6 12. b3 Be7 13. Bb2 O-O
14. Rae1 Rfd8 15. e5 Nd7 16. f4 Nb6 17. f5 dxc4 18. fxe6 fxe6 19. Ne4 Rf8
20. Qe2 Rxf1+ 21. Rxf1 Rf8 22. Nf6+ Kh8 23. Qh5 Bc5+ 24. Kh1 gxf6 25. Rf3
Qxa2 26. Bc1 Qc2 27. Rf1 Qg6 28. Qe2 f5 29. bxc4 Qg4 0-1

[Event "21st Czech GM Open"]
[Site "Pardubice CZE"]
[Date "2010.07.26"]
[Round "4"]
[White "Seger,R"]
[Black "Tuvshintugs,B"]
[Result "0-1"]
[WhiteElo "2429"]
[BlackElo "2321"]
[EventDate "2010.07.23"]

1. e4 e5 2. Nf3 Nc6 3. Bb5 a6 4. Bxc6 dxc6 5. O-O f6 6. d4 Bg4 7. c3 Bd6 8.
Be3 Qd7 9. Nbd2 O-O-O 10. dxe5 fxe5 11. h3 Be6 12. Qe2 Nf6 13. b4 Bf7 14.
a4 c5 15. b5 a5 16. Nh4 Be6 17. Bg5 Qf7 18. Nf5 Qg6 19. Bxf6 Qxf6 20. Nc4
Bxf5 21. exf5 Qxf5 22. Nxa5 e4 23. Nc4 Qf4 24. g3 Qf5 25. Rfe1 Rhe8 26. Kg2
Be5 27. Qxe4 Qxe4+ 28. Rxe4 Bxc3 29. Rxe8 Rxe8 30. Rc1 Bd4 31. Kf1 b6 32.
Re1 Rf8 33. f4 g5 34. Re4 Kd7 35. a5 bxa5 36. Nxa5 Kd6 37. Ke2 Kd5 38. Kd3
Rb8 39. Nc4 Rxb5 40. Ne3+ Bxe3 41. Re5+ Kd6 42. Kxe3 Rb3+ 43. Ke4 gxf4 44.
Kxf4 Rf3+ 45. Kxf3 Kxe5 46. Ke3 c4 47. g4 c3 48. h4 c2 49. Kd2 Kf4 0-1

[Event "21st Czech GM Open"]
[Site "Pardubice CZE"]
[Date "2010.07.26"]
[Round "4"]
[White "Kaufeld,J"]
[Black "Richter,Mic"]
[Result "0-1"]
[WhiteElo "2270"]
[BlackElo "2428"]
[EventDate "2010.07.23"]

1. e4 e6 2. d4 d5 3. Nc3 Nf6 4. Bg5 Bb4 5. e5 h6 6. Be3 Ne4 7. Qg4 g6 8. a3
Bxc3+ 9. bxc3 c5 10. Bd3 h5 11. Qf4 g5 12. Qf3 Nxc3 13. dxc5 d4 14. Bd2 Nc6
15. Qg3 Qd5 16. Qxg5 Bd7 17. Bxc3 dxc3 18. Nf3 Qxc5 19. O-O Ne7 20. Be4
O-O-O 21. Rfd1 Rhg8 22. Qe3 Qxe3 23. fxe3 Rg4 24. Rd4 Rdg8 25. g3 Bc6 26.
Bxc6 Nxc6 27. Rf4 Rd8 28. Kf2 Rd5 29. Rxf7 b5 30. Rb1 a5 31. Rh7 b4 32.
axb4 Rxb4 33. Rc1 a4 34. Rxh5 a3 35. Rh4 Rb2 36. Rc4 Kd7 37. Rxc3 a2 38.
Ra1 Nb4 39. Ra3 Rxc2+ 40. Kf1 Rb2 41. Ne1 Rdd2 42. h4 Nc2 43. Nxc2 Rb1+ 0-1

[Event "21st Czech GM Open"]
[Site "Pardubice CZE"]
[Date "2010.07.26"]
[Round "4"]
[White "Nurkiewicz,M"]
[Black "Graf,F"]
[Result "1/2-1/2"]
[WhiteElo "2428"]
[BlackElo "2320"]
[EventDate "2010.07.23"]

1. e4 e6 2. d4 d5 3. Nc3 Nf6 4. e5 Nfd7 5. f4 c5 6. Nf3 Nc6 7. Be3 Be7 8.
Qd2 O-O 9. Be2 b6 10. O-O f6 11. exf6 Nxf6 12. Kh1 Qc7 13. Ne5 a6 14. Nxc6
Qxc6 15. Bf3 Bb7 16. Rae1 Rae8 17. Re2 b5 18. dxc5 b4 19. Nd1 a5 20. Nf2
Ba6 21. Nd3 Ne4 22. Qe1 Nxc5 23. Bxc5 Bxc5 24. Bg4 Bc8 25. Nxc5 Qxc5 26.
Bxe6+ Bxe6 27. Rxe6 Rc8 28. Qe5 d4 29. Kg1 Qxe5 30. Rxe5 Rxc2 31. Rf2 Rc1+
1/2-1/2